Southville International School and Colleges
Your cart is empty.
  • Cart
  • Lists
    Public lists Eva Luna New books Lux_list list_1
    Your lists Log in to create your own lists
  • Log in to your account
  • Your cookies
  • Search history
Southville International School and Colleges
  • Advanced search
  • Recent comments
  • Most popular
  • Libraries

Log in to your account

Log in with GOOGLE


If you do not have an external account, but do have a local account, you can still log in:

  1. Home
  2. MARC view: To educate the nations 2 :
Normal view MARC view ISBD view

To educate the nations 2 : (Record no. 8357)

[ view plain ]
MARC details
000 -LEADER
fixed length control field 00614nam a22002057a 4500
003 - CONTROL NUMBER IDENTIFIER
control field OSt
005 - DATE AND TIME OF LATEST TRANSACTION
control field 20140310182021.0
008 - FIXED-LENGTH DATA ELEMENTS--GENERAL INFORMATION
fixed length control field 130731t xxu||||| |||| 00| 0 eng d
020 ## - INTERNATIONAL STANDARD BOOK NUMBER
International Standard Book Number 9781904724087
050 ## - LIBRARY OF CONGRESS CALL NUMBER
Classification number LC 1090
Item number .W177 2004
082 ## - DEWEY DECIMAL CLASSIFICATION NUMBER
Classification number TR 370.19
Item number W15 2004
100 ## - MAIN ENTRY--PERSONAL NAME
Personal name Walker, George
9 (RLIN) 7069
245 ## - TITLE STATEMENT
Title To educate the nations 2 :
Remainder of title reflections on an international education /
Statement of responsibility, etc George Walker
260 ## - PUBLICATION, DISTRIBUTION, ETC. (IMPRINT)
Place of publication, distribution, etc Great Glenham :
Name of publisher, distributor, etc John Catt Educational,
Date of publication, distribution, etc c2004.
300 ## - PHYSICAL DESCRIPTION
Extent 214 p. :
Dimensions 21 cm.
541 ## - IMMEDIATE SOURCE OF ACQUISITION NOTE
-- 1
562 ## - COPY AND VERSION IDENTIFICATION NOTE
Number of copies 1
650 ## - SUBJECT ADDED ENTRY--TOPICAL TERM
Topical term or geographic name as entry element International education.
9 (RLIN) 7070
942 ## - ADDED ENTRY ELEMENTS (KOHA)
Source of classification or shelving scheme Library of Congress Classification
Koha item type
Holdings
Withdrawn status Lost status Source of classification or shelving scheme Damaged status Home library Current library Shelving location Date acquired Total Checkouts Total Renewals Full call number Barcode Date last seen Date checked out Copy number Price effective from Koha item type
    Library of Congress Classification   Luxembourg Library Luxembourg Library Teachers Reference Section 07/31/2013 1 3 LC 1090 .W177 2004 13214 09/13/2014 06/11/2014 1 07/31/2013 Books

To educate the nations 2 :

APA

Walker G., . (2004). To educate the nations 2. Great Glenham: John Catt Educational.

Chicago

Walker George, . 2004. To educate the nations 2. Great Glenham: John Catt Educational.

Harvard

Walker G., . (2004). To educate the nations 2. Great Glenham: John Catt Educational.

MLA

Walker George, . To educate the nations 2. Great Glenham: John Catt Educational. 2004.

  • Place hold
  • Print
  • Cite
  • Add to your cart (remove)
  • Save record
    BIBTEX Dublin Core MARCXML MARC (non-Unicode/MARC-8) MARC (Unicode/UTF-8) MARC (Unicode/UTF-8, Standard) MODS (XML) RIS
  • More searches
    Search for this title in:
    Other Libraries (WorldCat) Other Databases (Google Scholar) Online Stores (Bookfinder.com) Open Library (openlibrary.org)

Exporting to Dublin Core...

SOUTHVILLE LIBRARY

Southville International School and Colleges Library

1281 Tropical Ave. Cor. Luxembourg St., BF Homes International, Las Pinas City

Tel. No. 8256374 / 252358 Loc. 117/146

Powered by Koha